000 00508nam a2200181Ia 4500
001 44347
008 140428s9999 xx 000 0 und d
020 _aNA
040 _cPK-LaUMT
082 _aRHC 297.8
_bABU-A
100 _aAbu Mansoor Abdul Qahreen bin Tahir bin Muhammad
245 _aAlfarq ul bainul farq (Urdu)_
_cAbu Mansoor Abdul Qahreen bin Tahir bin Muhammad
260 _aKarachi,Pakistan:
_bKarachi University,
_c2005
300 _a554 p.
546 _aUR
650 _aIslam
942 _cBK
999 _c42340
_d42340